Discourse on rights in India: (Record no. 510030)

000 -LEADER
fixed length control field 00425nam a22001337a 4500
020 ## - INTERNATIONAL STANDARD BOOK NUMBER
International Standard Book Number 9780367200459
082 ## - DEWEY DECIMAL CLASSIFICATION NUMBER
Classification number C41x54 N153d
245 ## - TITLE STATEMENT
Title Discourse on rights in India:
Remainder of title debates and dilemmas
Statement of responsibility, etc edited by Bijayalaxmi Nanda and Nupur Ray
260 ## - PUBLICATION, DISTRIBUTION, ETC. (IMPRINT)
Place of publication, distribution, etc New York
Name of publisher, distributor, etc Routledge
Date of publication, distribution, etc 2019
300 ## - PHYSICAL DESCRIPTION
Extent xix, 413p.
650 ## - SUBJECT ADDED ENTRY--TOPICAL TERM
Topical term or geographic name as entry element Human rights -- India.
9 (RLIN) 8221
700 ## - ADDED ENTRY--PERSONAL NAME
Personal name Nanda, Bijayalaxmi, ed.
9 (RLIN) 7132
700 ## - ADDED ENTRY--PERSONAL NAME
Personal name Ray, Nupur, ed.
9 (RLIN) 7133
Holdings
Withdrawn status Lost status Source of classification or shelving scheme Damaged status Koha normalized classification for sorting Not for loan Permanent location Current location Date acquired Full call number Barcode Date last seen Price effective from Koha item type
        C_41X54_N153D   Indian Institute of Public Administration Indian Institute of Public Administration 2019-07-16 C41x54 N153d 88072 2019-07-16 2019-07-16 Book

Powered by Koha